Disszimiláció az asszimilációpárti zsidóság körében 1848-1914

Hungarian Jewish historiography has so far neglected to examine whether Neolog Jews living in Dualist Hungary were really as enthusiastically 'assimilationist' - or simply 'integrationist' - as this historiography has generally portrayed them. A close reading of articles publishe...

Teljes leírás

Elmentve itt :
Bibliográfiai részletek
Szerző: Konrád Miklós
Testületi szerző: Zsidó lojalitáshierarchiák dinamikája a modernkori Közép-Európában (2019) (Szeged)
Dokumentumtípus: Könyv része
Megjelent: Néprajzi és Kulturális Antropológiai Tanszék Szeged 2024
Sorozat:Szegedi vallási néprajzi könyvtár
A szétszóratás útjain : zsidó lojalitáshierarchiák változása
Kulcsszavak:Zsidók története - Magyarország - 19-20. sz.
Tárgyszavak:
Online Access:http://acta.bibl.u-szeged.hu/85494
LEADER 02469naa a2200265 i 4500
001 acta85494
005 20250331133406.0
008 240913s2024 hu o 000 hun d
020 |a 978-963-306-992-9 
022 |a 1419-1288 
040 |a SZTE Egyetemi Kiadványok Repozitórium  |b hun 
041 |a hun 
041 |a eng 
100 1 |a Konrád Miklós 
245 1 0 |a Disszimiláció az asszimilációpárti zsidóság körében 1848-1914  |h [elektronikus dokumentum] /  |c  Konrád Miklós 
260 |a Néprajzi és Kulturális Antropológiai Tanszék  |b Szeged  |c 2024 
300 |a 93-113 
490 0 |a Szegedi vallási néprajzi könyvtár 
490 0 |a A szétszóratás útjain : zsidó lojalitáshierarchiák változása 
520 3 |a Hungarian Jewish historiography has so far neglected to examine whether Neolog Jews living in Dualist Hungary were really as enthusiastically 'assimilationist' - or simply 'integrationist' - as this historiography has generally portrayed them. A close reading of articles published in Neolog Jewish journals, rabbinic sermons, pamphlets and works of fiction reveals a more nuanced picture. Clearly, Neolog Jews did not develop a consciously articulated agenda of dissimilation. In fact, the historical significance of the smallest expressions of dissimilationist views must be appreciated against the backdrop of pressure from a liberal but also nationalist political elite, which repeatedly and in the strongest terms stressed the duty of Jews not to differ in the slightest from their non-Jewish compatriots. Yet, despite this pressure, dissimilationist voices did exist, ranging from isolated calls for the preservation of Jewish national consciousness to regrets about an exaggeratedly exclusive identification with 'Hungarianness', from expressions of nostalgia for the self-isolating pre-modern Jewish world to outright rejection of the assimilationist ideal. As this article aims to show, these various expressions of dissimilationist opinion may have been marginal, but they were a constant feature of Neolog Jewish intellectual life between 1867 and 1918. 
650 4 |a Bölcsészettudományok 
650 4 |a Történettudomány és régészet 
695 |a Zsidók története - Magyarország - 19-20. sz. 
710 |a Zsidó lojalitáshierarchiák dinamikája a modernkori Közép-Európában (2019) (Szeged) 
856 4 0 |u http://acta.bibl.u-szeged.hu/85494/1/szegedi_vallasi_neprjazi_konyvtar_060_093-113.pdf  |z Dokumentum-elérés